[Event "Kasparov Cup"]
[Site "Moscow"]
[Date "1997.??.??"]
[Round "?"]
[White "Akobian, Varuzhan"]
[Black "Grigoriants, Sergey"]
[Result "1-0"]
[WhiteElo "2240"]
[BlackElo "2315"]

1.d4 d5 2.Bg5 Nd7 3.c4 dxc4 4.Nc3 c6 5.a4 Ngf6 6.Nf3 e6 7.e4 h6 8.Bd2 c5
9.e5 cxd4 10.exf6 dxc3 11.Bxc3 Nxf6 12.Qxd8+ Kxd8 13.Ne5 Ke8 14.Bxc4 a6 15.O-O-O Be7
16.Rhe1 Bd7 17.b3 Rc8 18.Kb2 Rc7 19.Ba5 Rc5 20.Bb6 Rc8 21.f4 Bb4 22.Re2 Bc5
23.Bxc5 Rxc5 24.f5 Bc8 25.fxe6 fxe6 26.Red2 Rxe5 27.Rd8+ Ke7 28.Rxh8 Bd7
29.Rb8 Bc6 30.Rc8 Bd5 31.Bxd5 Nxd5 32.Rd2 Rg5 33.g3 b5 34.a5 Rg4 35.Ra8 Nb4
36.Ra7+ Kf6 37.Rf2+ Ke5 38.Re2+ Kf6 39.Ka3 g6 40.Ra8 Ke7 41.Ra7+ Kf6 42.Rf2+  1-0

[Event "Novgorod op"]
[Site "Novgorod"]
[Date "1999.03.24"]
[Round "6"]
[White "Akobian, Varuzhan"]
[Black "Tuturin, Sergei"]
[Result "1-0"]
[WhiteElo "2359"]
[BlackElo "2248"]

1.d4 e6 2.c4 f5 3.Nf3 d5 4.Nc3 c6 5.Bf4 Bd6 6.Bxd6 Qxd6 7.e3 Nf6 8.Bd3 O-O
9.O-O Ne4 10.Bxe4 fxe4 11.Nd2 Nd7 12.Qb3 Nf6 13.h3 Kh8 14.f3 exf3 15.Nxf3 b6
16.Qa4 Bd7 17.Qc2 Be8 18.Ne5 Nd7 19.Rxf8+ Nxf8 20.Rf1 Ng6 21.Qf2 Kg8 22.Nf3 Qe7
23.Qe2 Nh4 24.Ne5 Ng6 25.Nf3 Nh4 26.Ne5 Ng6 27.Ng4 e5 28.Nxe5 Nxe5 29.dxe5 Bf7
30.cxd5 cxd5 31.Qf3 Rd8 32.Nb5 Bg6 33.Nd4 Be4 34.Qf4 g5 35.Qg3 Re8 36.e6 Rf8
37.Rxf8+ Kxf8 38.Qe5 Qe8 39.Qd6+ Qe7 40.Qe5 Qe8 41.Qf6+ Kg8 42.e7 Qf7 43.Qxg5+ Bg6
44.Qe5 a5 45.Nf5  1-0

[Event "Wch U20"]
[Site "Yerevan"]
[Date "1999.09.24"]
[Round "7"]
[White "Akobian, Varuzhan"]
[Black "Vajda, Levente"]
[Result "1/2-1/2"]
[WhiteElo "2387"]
[BlackElo "2462"]

1.d4 Nf6 2.c4 g6 3.Nc3 Bg7 4.Nf3 d6 5.Bg5 O-O 6.e3 h6 7.Bh4 Bf5 8.Bd3 Bxd3
9.Qxd3 Nbd7 10.O-O c5 11.d5 a6 12.a4 Re8 13.Rfe1 Qa5 14.Nd2 Qb4 15.Rab1 Nb6
16.b3 Ng4 17.Rec1 Ne5 18.Qc2 e6 19.dxe6 Rxe6 20.a5 Qxa5 21.Ra1 Qb4 22.Na2 Qa5
23.Nc3 Qb4 24.Na2  1/2-1/2

[Event "Wch U20"]
[Site "Yerevan"]
[Date "1999.09.25"]
[Round "8"]
[White "Bakhtadze, Giorgi"]
[Black "Akobian, Varuzhan"]
[Result "1-0"]
[WhiteElo "2403"]
[BlackElo "2387"]

1.e4 e6 2.d3 d5 3.Qe2 dxe4 4.dxe4 e5 5.Nf3 c6 6.c3 Qc7 7.Qc2 Bg4 8.Be2 Nd7
9.Nbd2 Ngf6 10.Nc4 Bh5 11.a4 Bg6 12.Nfd2 Nc5 13.f3 a5 14.O-O Nfd7 15.Rd1 Be7
16.Nf1 O-O 17.Be3 Rad8 18.Rd2 Ne6 19.Rad1 b6 20.Ng3 Nf4 21.Qb3 Bc5 22.Bxc5 Nxc5
23.Qxb6 Qxb6 24.Nxb6 Rb8 25.Nc4 f6 26.Nxa5 Nxa4 27.Bc4+ Kh8 28.Nxc6 Rxb2
29.Rd8 Be8 30.Ra1 Nxc3 31.Raa8 Rxg2+ 32.Kh1 g6 33.Rxe8 Rxe8 34.Rxe8+ Kg7
35.Nd8 Kh6 36.Rg8 Kg5 37.Ne6+ Kh4 38.Nxf4 Rd2 39.Ng2+ Kh3 40.Bf1 Rb2 41.Rg7  1-0

[Event "ARM-ch"]
[Site "Yerevan"]
[Date "1999.10.20"]
[Round "5"]
[White "Matikozian, Andranik"]
[Black "Akobian, Varuzhan"]
[Result "1/2-1/2"]
[WhiteElo "2427"]
[BlackElo "2387"]

1.g3 d5 2.Bg2 Nf6 3.d3 c6 4.Nd2 e5 5.Ngf3 Qc7 6.O-O Bg4 7.e4 dxe4 8.dxe4 Nbd7
9.h3 Bh5 10.Qe1 Bxf3 11.Nxf3 Be7 12.Nh4 O-O 13.Nf5 Bd8 14.Qe2 g6 15.Nh6+ Kg7
16.h4 Nc5 17.Bf3 Ne6 18.c3 Ng8 19.Nxg8 Kxg8 20.Kg2 h5 21.Rh1 Bf6 22.g4 hxg4
23.Bxg4 Nf4+ 24.Bxf4 exf4 25.h5 Kg7 26.hxg6 fxg6 27.Qf3 Rh8 28.Rad1 Rxh1
29.Rxh1 Rh8 30.Rd1 Rd8 31.Rxd8 Bxd8 32.Qd3 Bf6 33.Kf3 Be5 34.Qd7+ Qxd7 35.Bxd7 Kf7
36.Bc8 b6  1/2-1/2

[Event "ARM-ch"]
[Site "Yerevan"]
[Date "1999.10.25"]
[Round "10"]
[White "Lputian, Smbat G"]
[Black "Akobian, Varuzhan"]
[Result "1/2-1/2"]
[WhiteElo "2625"]
[BlackElo "2387"]

1.d4 d5 2.c4 e6 3.Nf3 c5 4.e3 Nf6 5.Nc3 Nc6 6.a3 a6 7.b3 Be7 8.Bb2 O-O 9.cxd5 exd5
10.Be2 Be6 11.O-O Rc8 12.dxc5 Bxc5 13.Na4 Ba7 14.Rc1 Qe7 15.b4 Ne4 16.Nd2 Rfd8
17.Nb3 d4 18.Nxd4 Nxd4 19.exd4 Rxc1 20.Qxc1 Bxd4 21.Bxd4 Rxd4 22.Qe3 Qd6
23.f3 Nd2 24.Re1 Bd7 25.Nb2 b5 26.Rd1 g6 27.g3 Be6 28.Kf2 Bb3 29.Rc1 Be6
30.Rd1  1/2-1/2

[Event "Open"]
[Site "Abudhabi UAE"]
[Date "2000.08.28"]
[Round "3"]
[White "Akobian,V"]
[Black "Vakhidov,T"]
[Result "1/2-1/2"]
[WhiteElo "2438"]
[BlackElo "2458"]

1.d4 Nf6 2.c4 g6 3.Nc3 d5 4.Nf3 Bg7 5.e3 O-O 6.b4 b6 7.Qb3 Bb7 8.Ba3 c6 9.cxd5 Nxd5
10.Nxd5 cxd5 11.b5 Nd7 12.Be2 Nc5 13.Qd1 Ne4 14.Bb4 Qd7 15.O-O Rfc8 16.Qb3 Nd6
17.a4 Ne4 18.Rfc1  1/2-1/2

[Event "Open"]
[Site "Abudhabi UAE"]
[Date "2000.08.29"]
[Round "4"]
[White "Annakov,B"]
[Black "Akobian,V"]
[Result "1/2-1/2"]
[WhiteElo "2565"]
[BlackElo "2438"]

1.Nf3 d5 2.d4 e6 3.c4 c5 4.cxd5 exd5 5.Nc3 Nc6 6.g3 Nf6 7.Bg2 Be7 8.O-O O-O
9.dxc5 Bxc5 10.Na4 Be7 11.Be3 Bg4 12.Rc1 Re8 13.Nc5 Bxc5 14.Bxc5 Qd7 15.Re1 Rac8
16.Bd4 Nxd4 17.Qxd4 Rxc1 18.Rxc1 Rc8 19.Rd1 Qb5 20.Qd2 Qc4 21.b3 Qc2 22.h3 Bxf3
23.Bxf3 h6 24.Kg2 b6 25.h4 h5 26.Qxc2 Rxc2 27.a4 Kf8 28.Rd3 g6 29.Kf1 Rc1+
30.Kg2 Rc2  1/2-1/2

[Event "Open"]
[Site "Abudhabi UAE"]
[Date "2000.09.02"]
[Round "7"]
[White "Akobian,V"]
[Black "Abdelnabbi,I"]
[Result "1-0"]
[WhiteElo "2438"]
[BlackElo "2408"]

1.d4 Nf6 2.c4 e6 3.Nc3 Bb4 4.e3 c5 5.Ne2 cxd4 6.exd4 d5 7.a3 Be7 8.Nf4 O-O
9.cxd5 Nxd5 10.Ncxd5 exd5 11.Bd3 Nc6 12.O-O Bg5 13.Be3 Qd6 14.Nh5 Qh6 15.Qf3 Be6
16.Rad1 Na5 17.Nf4 Rad8 18.Rfe1 Bd7 19.Nxd5 Ba4 20.Rb1 Rd7 21.Bxg5 Qxg5 22.Re5 Qd2
23.Bxh7+ Kxh7 24.Rh5+ Kg8 25.Nf6+ gxf6 26.Qg4+ Qg5 27.Rxg5+ fxg5 28.Qxg5+ Kh7
29.Qxa5  1-0

[Event "Open"]
[Site "Abudhabi UAE"]
[Date "2000.09.04"]
[Round "9"]
[White "Akobian,V"]
[Black "Dzhumaev,M"]
[Result "1-0"]
[WhiteElo "2438"]
[BlackElo "2495"]

1.d4 f5 2.Nf3 Nf6 3.g3 g6 4.c4 Bg7 5.Bg2 d6 6.O-O O-O 7.Nc3 Qe8 8.Nd5 Nxd5
9.cxd5 Qb5 10.Be3 Qxd5 11.Ng5 Qc4 12.Rc1 Qxa2 13.Rxc7 h6 14.Nh3 Nc6 15.Nf4 Kh7
16.d5 Qa5 17.Rxc8 Rfxc8 18.dxc6 bxc6 19.Qb3 d5 20.Ne6 Rab8 21.Qd3 Bxb2 22.Bd4 Qa3
23.Qxa3 Bxa3 24.Bxa7 Rb2 25.Bf3 Ra2 26.Bd4 g5 27.g4 Kg6 28.gxf5+ Kxf5 29.h3 Rb8
30.Bg4+ Kg6 31.f4 Bb2 32.fxg5 hxg5 33.Bxb2 Rbxb2 34.Rf8 Ra1+ 35.Kf2 Kh6 36.Bf5  1-0

[Event "WJun"]
[Site "Yerevan ARM"]
[Date "2000.09.25"]
[Round "7"]
[White "Akobian,V"]
[Black "Zhang Pengxiang"]
[Result "1-0"]
[WhiteElo "2438"]
[BlackElo "2525"]

1.d4 Nf6 2.c4 c5 3.d5 e6 4.Nc3 exd5 5.cxd5 d6 6.e4 g6 7.h3 Bg7 8.Nf3 O-O
9.Bd3 a6 10.a4 Nbd7 11.O-O Re8 12.Re1 Qe7 13.Bf4 Qf8 14.Qd2 Nh5 15.Be3 h6
16.Rab1 b6 17.b4 f5 18.exf5 gxf5 19.Qc2 Ne5 20.Nxe5 Bxe5 21.Bd2 Ra7 22.a5 b5
23.bxc5 dxc5 24.Nxb5 axb5 25.Bxb5 Bd7 26.Bxd7 Rxd7 27.Rb6 Rxd5 28.a6 Bc7
29.Qc4 Rxe1+ 30.Bxe1 Bxb6 31.Qxd5+ Qf7 32.Qc6 Ba7 33.Qxh6 Qh7 34.Qc6 Qf7
35.Bc3 Nf4 36.Qa8+ Kh7 37.Qh8+ Kg6 38.Bd2 Qc7 39.Qg8+ Kf6 40.Bc3+ Ke7 41.Qg7+ Kd8
42.Qxc7+ Kxc7 43.Be5+ Kb6 44.Bxf4 Kxa6 45.g4 fxg4 46.hxg4 Bb6 47.Be5  1-0

[Event "WJun"]
[Site "Yerevan ARM"]
[Date "2000.09.29"]
[Round "10"]
[White "Svetushkin,D"]
[Black "Akobian,V"]
[Result "1-0"]
[WhiteElo "2472"]
[BlackElo "2438"]

1.e4 e6 2.d3 d5 3.Qe2 Be7 4.Nf3 Nf6 5.g3 dxe4 6.dxe4 e5 7.Bg2 c6 8.O-O Qc7
9.b3 Bg4 10.Bb2 Nbd7 11.h3 Bh5 12.Nbd2 O-O 13.a4 Rfe8 14.Nc4 Bf8 15.Rfd1 Rac8
16.g4 Bg6 17.Nh4 Nb6 18.Nd2 Nbd7 19.Nf5 b5 20.Nf1 a6 21.Qe3 Bc5 22.Qg3 Bxf5
23.exf5 Nb6 24.axb5 axb5 25.Ne3 h6 26.h4 Nbd5 27.Bxd5 cxd5 28.Nxd5 Nxd5 29.Rxd5 Qc6
30.Rxe5 Bd6 31.Rxe8+ Rxe8 32.Qc3 Qxc3 33.Bxc3 Re4 34.Ra8+ Kh7 35.Rd8 Rxg4+
36.Kf1 Be7 37.Rd7 Bxh4 38.Rxf7 Kg8 39.Rd7 b4 40.Bd2 Kf8 41.f3 Rg3 42.Bxb4+ Ke8
43.Rd3 Bd8 44.Be1  1-0

[Event "SCCF State Ch"]
[Site "Los Angeles USA"]
[Date "2001.07.14"]
[Round "1"]
[White "Akobian,V"]
[Black "Altounian,L"]
[Result "1/2-1/2"]
[WhiteElo "2442"]
[BlackElo "2441"]

1.d4 e6 2.c4 f5 3.Nf3 Nf6 4.g3 Bb4+ 5.Bd2 Bxd2+ 6.Qxd2 O-O 7.Nc3 Ne4 8.Qc2 Nxc3
9.Qxc3 d6 10.Bg2 Qf6 11.O-O Nc6 12.b4 e5 13.dxe5 Nxe5 14.Rac1 a5 15.a3 axb4
16.axb4 Nxf3+ 17.Qxf3 f4 18.c5 dxc5 19.Rxc5 fxg3 20.hxg3 Qxf3 21.Bxf3 c6
22.Rfc1 Rf5 23.Rxf5 Bxf5 24.b5 cxb5 25.Bxb7 Re8 26.Kf1 Be6  1/2-1/2

[Event "SCCF State Ch"]
[Site "Los Angeles USA"]
[Date "2001.07.14"]
[Round "2"]
[White "Khachian,M"]
[Black "Akobian,V"]
[Result "0-1"]
[WhiteElo "2480"]
[BlackElo "2442"]

1.d4 Nf6 2.c4 e5 3.e3 exd4 4.exd4 d5 5.Nf3 Bb4+ 6.Bd2 Bxd2+ 7.Nbxd2 O-O 8.Be2 dxc4
9.Nxc4 Nc6 10.O-O Bg4 11.Nce5 Bxf3 12.Nxf3 Qd6 13.Rc1 Qb4 14.Rc2 Rad8 15.Qc1 Rfe8
16.Rc4 Qb6 17.Bd1 Re7 18.Qc3 Ne4 19.Qa3 Red7 20.Ba4 Nxd4 21.Nxd4 Rxd4 22.Rxd4 Rxd4
23.Bc2 Nd6 24.Qh3 g6 25.Bb3 a5 26.Qd7 Kg7 27.h3 Qc5 28.Re1 Rd2 29.Re3 Qc1+
30.Kh2 Rxf2  0-1

[Event "SCCF State Ch"]
[Site "Los Angeles USA"]
[Date "2001.07.15"]
[Round "3"]
[White "Akobian,V"]
[Black "Peters,Joh"]
[Result "1/2-1/2"]
[WhiteElo "2442"]
[BlackElo "2462"]

1.d4 Nf6 2.c4 g6 3.Nf3 Bg7 4.g3 c5 5.Bg2 cxd4 6.Nxd4 O-O 7.Nc3 Nc6 8.O-O Nxd4
9.Qxd4 d6 10.Qd3 a6 11.Bg5 Rb8 12.a4 Be6 13.b3 Nd7 14.Rab1 Re8 15.Rfc1 Nc5
16.Qc2 Rc8 17.Bd2 Bf5 18.e4 Bd7 19.a5 f5 20.Re1 fxe4 21.b4 Bf5 22.Nxe4 Nxe4
23.Bxe4 Qd7 24.Qd3 e6 25.Bxf5 gxf5 26.Bc3 e5 27.Bd2 e4 28.Qb3 Qf7 29.Rbc1 Rc6
30.Rc2 Rec8 31.Rec1 d5 32.cxd5 Rxc2 33.Rxc2 Rxc2 34.Qxc2 Qxd5 35.Qc8+ Kf7
36.Qc7+ Kg8 37.Qf4 Qe5 38.Qg5 Qd5 39.h3 Qd7 40.g4 fxg4 41.hxg4 h6 42.Qf4 Qd5
43.Be3 Qe5 44.Qxe5 Bxe5 45.Bxh6 Bc3 46.Be3 Bxb4 47.Bb6 Kf7 48.Kf1 Bd2 49.Ke2 Bg5
50.Kd1 Ke6 51.Kc2 Kd5 52.Kb3 Bf6 53.Kb4 Bg5  1/2-1/2

[Event "SCCF State Ch"]
[Site "Los Angeles USA"]
[Date "2001.07.15"]
[Round "4"]
[White "Yee,K"]
[Black "Akobian,V"]
[Result "0-1"]
[WhiteElo "2297"]
[BlackElo "2442"]

1.Nc3 d5 2.e4 e6 3.d4 Nf6 4.Bg5 Bb4 5.exd5 exd5 6.Bd3 O-O 7.Ne2 c6 8.O-O Bg4
9.Qd2 Nbd7 10.Ng3 Qb6 11.a3 Bd6 12.Nf5 Bxf5 13.Bxf5 g6 14.Bh3 Rfe8 15.g3 Bf8
16.Rab1 Bg7 17.f3 Re7 18.Be3 Ne8 19.Bf2 Nd6 20.b3 Rae8 21.Rfe1 Nf8 22.Na4 Qc7
23.Nc5 b6 24.Nd3 Nb5 25.c3 Nxa3 26.Rxe7 Rxe7 27.Re1 Nb5 28.g4 Rxe1+ 29.Qxe1 Ne6
30.Bg3 Qd8 31.f4 Nxc3 32.Ne5 Nxd4  0-1

[Event "American Open"]
[Site "Los Angeles USA"]
[Date "2001.11.24"]
[Round "6"]
[White "Rensch,D"]
[Black "Akobian,V"]
[Result "1/2-1/2"]
[WhiteElo "2208"]
[BlackElo "2449"]

1.d4 d5 2.c4 e6 3.Nc3 c5 4.cxd5 exd5 5.Nf3 Nc6 6.g3 Nf6 7.Bg2 Be7 8.O-O O-O
9.Bg5 cxd4 10.Nxd4 h6 11.Bxf6 Bxf6 12.e3 Nxd4 13.exd4 Be6 14.Qb3 Bxd4 15.Nxd5 Bxd5
16.Qxd5 Qf6 17.Rad1 Rfd8 18.Qf3 Bxb2 19.Qxf6 Bxf6 20.Bxb7 Rab8 21.Rxd8+ Rxd8
22.Rc1 Rd2 23.Rc8+ Bd8 24.Be4 g6 25.Rc2 Rd1+ 26.Kg2 Kg7 27.Re2 Bb6 28.Bc2 Rd7
29.Bb3 g5 30.Rc2 Re7  1/2-1/2

[Event "North American Open"]
[Site "Las Vegas USA"]
[Date "2001.12.27"]
[Round "3"]
[White "Kaidanov,G"]
[Black "Akobian,V"]
[Result "1-0"]
[WhiteElo "2605"]
[BlackElo "2449"]

1.d4 d5 2.c4 e6 3.Nf3 c5 4.cxd5 exd5 5.g3 Nc6 6.Bg2 Nf6 7.O-O Be7 8.Nc3 O-O
9.Bg5 cxd4 10.Nxd4 h6 11.Be3 Re8 12.Qa4 Bd7 13.Rfd1 Nb4 14.Qb3 a5 15.a4 Bc5
16.Nxd5 Nfxd5 17.Bxd5 Nxd5 18.Qxd5 Qe7 19.Rd3 Bxd4 20.Rxd4 Bc6 21.Qd6 Qxd6
22.Rxd6 Re4 23.b3 Rae8 24.Rc1 Rxe3 25.fxe3 Rxe3 26.Rd3 Rxe2 27.Rc5 Rg2+ 28.Kf1 Rxh2
29.Rxa5 Rb2 30.Rc5 g5 31.g4 Kg7 32.a5 Kf6 33.Ke1 h5 34.a6 hxg4 35.Ra5 g3
36.Rxg3 bxa6 37.Rxa6 Rc2 38.Kd1 Rc5 39.b4 Rd5+ 40.Kc1  1-0

[Event "National Open"]
[Site "Las Vegas USA"]
[Date "2002.03.10"]
[Round "6"]
[White "Gurevich,D"]
[Black "Akobian,V"]
[Result "0-1"]
[WhiteElo "2544"]
[BlackElo "2456"]

1.Nf3 d5 2.c4 e6 3.d4 c5 4.cxd5 exd5 5.Nc3 Nc6 6.g3 Nf6 7.Bg2 Be7 8.O-O O-O
9.Bg5 cxd4 10.Nxd4 h6 11.Bf4 Bg4 12.h3 Be6 13.Rc1 Rc8 14.Na4 Nxd4 15.Qxd4 Qa5
16.Nc3 Rc4 17.Qd3 d4 18.Nd5 Nxd5 19.Rxc4 Nxf4 20.gxf4 Bxc4 21.Qxc4 Bf6 22.Bxb7 Qf5
23.Bg2 Qxf4 24.Rd1 Qf5 25.Qd5 Qc2 26.Re1 Qxb2 27.Bf3 Rd8 28.Qb3 Qd2 29.Rd1 Qa5
30.Kf1 g6 31.Rc1 Kg7 32.Rc6 d3 33.exd3 Qf5 34.Bg4 Qf4 35.Qd1 h5 36.Qf3 Qg5
37.Bc8 Rd4 38.Rc4 Rxc4 39.dxc4 Qc1+ 40.Kg2 Qxc4 41.Bb7 Qxa2 42.Bd5 Qd2 43.Qb3 Bd4
44.Qf3 f5 45.Bc4 a5 46.Bb3 Bc5 47.Qb7+ Kh6 48.Qf3 Qd4  0-1

[Event "30th World Open"]
[Site "Philadelphia USA"]
[Date "2002.07.02"]
[Round "4"]
[White "Jussupow,A"]
[Black "Akobian,V"]
[Result "1/2-1/2"]
[WhiteElo "2618"]
[BlackElo "2480"]

1.d4 d5 2.c4 e6 3.Nf3 c5 4.cxd5 exd5 5.g3 Nc6 6.Bg2 Nf6 7.O-O Be7 8.Nc3 O-O
9.Bg5 cxd4 10.Nxd4 h6 11.Be3 Re8 12.a3 Bg4 13.Qb3 Na5 14.Qa2 Nc4 15.Bc1 Rc8
16.h3 Bh5 17.Rd1 Bc5 18.Nxd5 Nxd5 19.g4 Ndb6 20.gxh5 Rxe2 21.Bg5 Rxb2 22.Bxd8 Rxa2
23.Bxb6 Rxa1 24.Rxa1 Bxb6 25.Nf5 Rc5 26.Ne7+ Kf8 27.Nd5 Ra5 28.a4 Bc5 29.Rb1 b6
30.Nc3 Nd6 31.Bf3 Bd4 32.Nb5 Nxb5 33.axb5 Ra2 34.Rf1 Rb2 35.Bc6 Ke7 36.Kg2 Kd6
37.Be8 Re2 38.Bxf7 Re5 39.Rd1 Ke7 40.Bc4 Bc5 41.Rd5 Rxd5  1/2-1/2

[Event "Imre Konig Mem"]
[Site "San Francisco USA"]
[Date "2002.09.07"]
[Round "3"]
[White "Akobian,V"]
[Black "Yermolinsky,A"]
[Result "1/2-1/2"]
[WhiteElo "2486"]
[BlackElo "2592"]

1.d4 Nf6 2.c4 g6 3.Nc3 d5 4.Nf3 Bg7 5.Bf4 O-O 6.Rc1 c5 7.dxc5 Be6 8.e3 Nc6
9.a3 Ne4 10.Nd4 Nxd4 11.exd4 Nxc3 12.bxc3 dxc4 13.Be2 Bd5 14.O-O Qd7 15.Rb1 b6
16.cxb6 axb6 17.Rxb6 Rxa3 18.Qd2 Rb3 19.Rb1 Rc8 20.Bd1 Rxb1 21.Rxb1 Qc6  1/2-1/2

[Event "Generation"]
[Site "New York USA"]
[Date "2003.05.01"]
[Round "8"]
[White "Akobian,V"]
[Black "Muhammad,S"]
[Result "1-0"]
[WhiteElo "2547"]
[BlackElo "2397"]

1.d4 Nf6 2.Nf3 g6 3.c4 Bg7 4.Nc3 O-O 5.Bg5 d6 6.e3 h6 7.Bh4 c5 8.d5 a6 9.a4 Qa5
10.Bd3 Bg4 11.Ra3 Nbd7 12.h3 Bxf3 13.gxf3 Rfe8 14.f4 Nf8 15.Rg1 Qc7 16.Kf1 Qd7
17.Qf3 Kh8 18.Rg2 N8h7 19.Kg1 Rg8 20.Kh2 Ne8 21.Ra1 Nc7 22.Rag1 Rae8 23.a5 Rb8
24.f5 g5 25.f6 exf6 26.Bf5 Qe7 27.Bg3 Nf8 28.Ne4 Rd8 29.Qh5 Ng6 30.h4 Ne8
31.f4 g4 32.Be1 Bf8 33.Rxg4 Rg7 34.Bc3 Kg8 35.R4g3 Rb8 36.R1g2 b6 37.axb6 Rxb6
38.Kh3 Rb3 39.Qd1 Qb7 40.h5 Ne7 41.Rxg7+ Bxg7 42.Qg4 Kf8 43.Nxd6  1-0

[Event "CCA Vermont Open"]
[Site "Stratton Mountain USA"]
[Date "2003.06.05"]
[Round "4"]
[White "Akobian,V"]
[Black "Fernandez,D"]
[Result "1-0"]
[WhiteElo "2547"]
[BlackElo "2295"]

1.d4 d5 2.c4 c6 3.cxd5 cxd5 4.Nf3 Nc6 5.Nc3 Nf6 6.Bf4 Nh5 7.Bd2 g6 8.Qb3 e6
9.e3 Bg7 10.Bb5 Bd7 11.Na4 a6 12.Bxc6 Bxc6 13.Nb6 Rb8 14.a4 O-O 15.O-O Nf6
16.Ba5 Ne4 17.Ne5 Bxe5 18.dxe5 f6 19.f3 Ng5 20.Bc3 f5 21.Bd4 Qe7 22.Rac1 Qg7
23.Bc5 Rfe8 24.Bd6 Rbd8 25.Qc3 h6 26.b4 Nh7 27.Qb3  1-0

[Event "CCA Vermont Open"]
[Site "Stratton Mountain USA"]
[Date "2003.06.07"]
[Round "8"]
[White "Shabalov,A"]
[Black "Akobian,V"]
[Result "0-1"]
[WhiteElo "2592"]
[BlackElo "2547"]

1.e4 e6 2.d4 d5 3.e5 c5 4.c3 Qb6 5.Nf3 Bd7 6.Bd3 cxd4 7.Nxd4 Nc6 8.Nxc6 bxc6
9.O-O f5 10.c4 Ne7 11.Nc3 Ng6 12.Be3 d4 13.Na4 Qa5 14.Bd2 Qxe5 15.Re1 Qf6
16.c5 Be7 17.Qb3 Bc8 18.f4 Bd8 19.Bc4 Kf7 20.Re2 Re8 21.Rae1 Bc7 22.Qf3 Bd7
23.b4 Kf8 24.b5 e5 25.b6 e4 26.Qh5 axb6 27.Nxb6 Bxb6 28.cxb6 Be6 29.Bxe6 Rxe6
30.a4 Kg8 31.a5 c5 32.Rc1 e3 33.Qf3 Re4 34.Rxc5 Nxf4 35.b7 Rf8 36.Rc8 Nxe2+
37.Qxe2 exd2 38.Qxd2 Ree8 39.b8=Q Rxc8 40.Qb3+ Kh8 41.Qa4 Rfd8 42.a6 d3  0-1

[Event "US Open"]
[Site "Los Angeles USA"]
[Date "2003.08.14"]
[Round "11"]
[White "Akobian,V"]
[Black "Zilberstein,Dm"]
[Result "1-0"]
[WhiteElo "2533"]
[BlackElo "2357"]

1.d4 Nf6 2.Nf3 g6 3.c4 Bg7 4.Nc3 d6 5.g3 O-O 6.Bg2 c6 7.O-O Qa5 8.e4 e5 9.d5 cxd5
10.cxd5 b5 11.Re1 b4 12.Nb1 Nbd7 13.Nbd2 Qc7 14.a3 Rb8 15.axb4 Rxb4 16.b3 Nc5
17.Qc2 Nfd7 18.Ba3 Rb8 19.b4 Na6 20.Qa4 Nb6 21.Qa5 Nd7 22.Bf1 Qxa5 23.bxa5 Ndc5
24.Nc4 Rd8 25.Nxd6 Rxd6 26.Bxa6 Rxa6 27.Bxc5 Rb5 28.Rec1 Bg4 29.Kg2 Raxa5
30.Bxa7 Rxa1 31.Rxa1 f5 32.d6 fxe4 33.Ng5 Bf3+ 34.Kh3 Rd5 35.Be3 Bf6 36.Ra8+ Kg7
37.Ra7+ Kg8 38.d7 h5 39.Nxf3 exf3 40.Bb6 g5 41.g4 h4 42.d8=Q+ Bxd8 43.Ra8 Kh7
44.Bxd8 e4 45.Bb6 Re5 46.Rf8 Kg6 47.Be3 Kh6 48.Rg8  1-0

[Event "It"]
[Site "Los Angeles USA"]
[Date "2003.08.23"]
[Round "6"]
[White "Khachiyan,M"]
[Black "Akobian,V"]
[Result "1/2-1/2"]
[WhiteElo "2473"]
[BlackElo "2533"]

1.e4 e6 2.d4 d5 3.Nc3 Bb4 4.e5 c5 5.a3 Bxc3+ 6.bxc3 Ne7 7.Qg4 O-O 8.Nf3 Nbc6
9.Bd3 f5 10.exf6 Rxf6 11.Bg5 Rf7 12.Qh4 h6 13.Bxe7 Qxe7 14.Qxe7 Rxe7 15.O-O c4
16.Be2 Bd7 17.Rfe1 Rae8 18.Bf1  1/2-1/2

[Event "It"]
[Site "Los Angeles USA"]
[Date "2003.08.24"]
[Round "7"]
[White "Akobian,V"]
[Black "Kretchetov,A"]
[Result "1-0"]
[WhiteElo "2533"]
[BlackElo "2335"]

1.e4 c5 2.Nf3 Nc6 3.Bb5 g6 4.O-O Bg7 5.Re1 Nf6 6.c3 O-O 7.h3 e5 8.a3 a6 9.Bxc6 dxc6
10.d3 Re8 11.Qc2 Nh5 12.Bg5 Qd6 13.Nbd2 h6 14.Be3 Nf4 15.Bxf4 exf4 16.e5 Qc7
17.Ne4 Bf5 18.Nd6 Rxe5 19.Nxe5 Qxd6 20.Nc4 Qc7 21.Nd2 Qd7 22.Ne4 f3 23.Re3 fxg2
24.Kxg2 b6 25.Rae1 Be6 26.Qe2 Bd5 27.Kg1 Rf8 28.Nd2 Be6 29.Qf3 Bd5 30.Qg3 Be6
31.Nc4 Qb7 32.Rxe6 fxe6 33.Qxg6 Rf6 34.Qe8+ Bf8 35.Rxe6 Qg7+ 36.Kf1 b5 37.Ne5 Qg5
38.Rxf6 Qxf6 39.Nd7  1-0

[Event "It"]
[Site "Los Angeles USA"]
[Date "2003.08.25"]
[Round "8"]
[White "Sevillano,E"]
[Black "Akobian,V"]
[Result "1/2-1/2"]
[WhiteElo "2490"]
[BlackElo "2533"]

1.e4 e6 2.d4 d5 3.Nc3 Nf6 4.e5 Nfd7 5.Nce2 c5 6.c3 Nc6 7.Nf3 cxd4 8.cxd4 f6
9.exf6 Nxf6 10.Nc3 Bd6 11.Bd3 O-O 12.O-O Bd7 13.Be3 Be8 14.Ng5 Qe7 15.f4 h6
16.Nh3 Bh5 17.Be2 Bxe2 18.Qxe2 Qf7 19.Rad1 Rae8 20.Kh1 Ne7 21.Bf2 Bb4 22.Bh4 Nf5
23.Bxf6 Qxf6 24.Qd3 Bxc3 25.bxc3 Nd6 26.Rf3 Qf5 27.Qe2 Rc8 28.Nf2 Ne4 29.Nxe4 dxe4
30.Re3 Qxf4 31.Rxe4 Qf2 32.Rxe6 Rxc3 33.h3 Qxe2 34.Rxe2 Rc6 35.Re7 Rf7 36.Re8+ Rf8
37.Re7 Rf7 38.Re8+ Kh7 39.Rd2 Rd6 40.Re4 Kg6 41.Kh2 Rd5 42.Kg3 Rf6 43.h4 Kf7
44.Rde2 Rd7 45.h5 b5 46.Re5 a6 47.R2e4 b4 48.d5 a5 49.d6 Rfxd6 50.Rf5+ Rf6
51.Rxa5 Rb7 52.Rae5 b3 53.axb3 Rxb3+  1/2-1/2

[Event "Gufeld Memorial"]
[Site "Burbank USA"]
[Date "2003.11.24"]
[Round "5"]
[White "Akobian,V"]
[Black "Sevillano,E"]
[Result "1/2-1/2"]
[WhiteElo "2537"]
[BlackElo "2498"]

1.d4 e6 2.Nf3 Nf6 3.Bg5 Be7 4.Nbd2 h6 5.Bh4 b6 6.e4 Bb7 7.e5 Ne4 8.Bxe7 Qxe7
9.Nxe4 Bxe4 10.Bd3 Bxd3 11.Qxd3 Qb4+ 12.Ke2 d6 13.a3 Qa4 14.Rhe1 Nd7 15.Kf1 O-O
16.Rad1 dxe5 17.Nxe5 Nxe5 18.dxe5 Qh4 19.Qg3 Qxg3 20.hxg3 Rfd8 21.Ke2 Kf8
22.g4 Ke7 23.Ke3 Rd5 24.Rxd5 exd5 25.f4 Ke6 26.Kd3 g6 27.Rh1 Rh8 28.b4 c5
29.bxc5 bxc5 30.g3 Rb8 31.Rxh6 Rb1 32.f5+ Kxe5 33.fxg6 fxg6 34.Rxg6 Rg1 35.Rg5+ Kd6
36.Rg6+ Kc7 37.a4 Rxg3+ 38.Kd2 d4 39.g5 c4 40.Rg8 Rg2+ 41.Kd1 Kb6 42.Rc8 d3
43.Rxc4 dxc2+ 44.Kc1 Ka5 45.g6 Rxg6  1/2-1/2

[Event "Gufeld Memorial"]
[Site "Burbank USA"]
[Date "2003.11.25"]
[Round "6"]
[White "Khachiyan,M"]
[Black "Akobian,V"]
[Result "1/2-1/2"]
[WhiteElo "2464"]
[BlackElo "2537"]

1.e4 e6 2.d4 d5 3.Nd2 c5 4.exd5 exd5 5.Bb5+ Nc6 6.Ngf3 Bd6 7.dxc5 Bxc5 8.O-O Ne7
9.Nb3 Bd6 10.Re1 O-O 11.Bg5 Bg4 12.Bh4 Qc7 13.Bg3 Bxg3 14.hxg3 Rad8 15.c3 a6
16.Be2 Ng6 17.Nfd4 Bxe2 18.Qxe2 Nxd4 19.Nxd4 Rd7 20.Rad1 Ne7  1/2-1/2

[Event "Gufeld Memorial"]
[Site "Burbank USA"]
[Date "2003.11.25"]
[Round "7"]
[White "Akobian,V"]
[Black "Mikhalevski,V"]
[Result "1/2-1/2"]
[WhiteElo "2537"]
[BlackElo "2548"]

1.d4 Nf6 2.Nf3 g6 3.g3 Bg7 4.Bg2 O-O 5.O-O d5 6.Bf4 c5 7.c3 cxd4 8.cxd4 Qb6
9.b3 Ne4 10.Be5 Nc6 11.Bxg7 Kxg7 12.e3 Bf5 13.Nfd2 Nxd2 14.Qxd2 Bxb1 15.Raxb1 e6
16.Rfc1 Rfc8 17.Rc3 Ne7 18.Rbc1 Rxc3 19.Rxc3 Rc8 20.Qc2 Rxc3 21.Qxc3 Nc6
22.Bf1  1/2-1/2

[Event "Gufeld Memorial"]
[Site "Burbank USA"]
[Date "2003.11.26"]
[Round "9"]
[White "Akobian,V"]
[Black "Kretchetov,A"]
[Result "1/2-1/2"]
[WhiteElo "2537"]
[BlackElo "2360"]

1.d4 d5 2.c4 c6 3.cxd5 cxd5 4.Nf3 Nf6 5.Nc3 Nc6 6.Bf4 Bf5 7.e3 e6 8.Bd3 Bxd3
9.Qxd3 Bd6 10.Bg3 O-O 11.O-O Bxg3 12.hxg3 Qe7 13.Rac1 Rfc8 14.Nd2 Rc7 15.Nb5 Rcc8
16.a3 Nd7 17.Nc3 Na5 18.Rc2 Rc6 19.Rfc1 Rac8 20.Ne2 Rxc2 21.Rxc2 Rxc2 22.Qxc2  1/2-1/2

[Event "39th American Open"]
[Site "Los Angeles USA"]
[Date "2003.11.27"]
[Round "2"]
[White "Akobian,V"]
[Black "Ganbold,O"]
[Result "1-0"]
[WhiteElo "2537"]
[BlackElo "2417"]

1.d4 d6 2.Nf3 Bg4 3.c4 Bxf3 4.gxf3 c6 5.Nc3 Nf6 6.f4 g6 7.e4 Bg7 8.e5 Ng8
9.Be3 Nh6 10.Bh3 Na6 11.Rg1 Kf8 12.Qd2 e6 13.d5 exd5 14.cxd5 cxd5 15.O-O-O dxe5
16.fxe5 Ng8 17.f4 Qh4 18.Bg2 Bh6 19.Qxd5 Re8 20.Kb1 Ne7 21.Qxb7 Nf5 22.Bxa7  1-0

[Event "39th American Open"]
[Site "Los Angeles USA"]
[Date "2003.11.28"]
[Round "3"]
[White "Aramil,W"]
[Black "Akobian,V"]
[Result "0-1"]
[WhiteElo "2190"]
[BlackElo "2537"]

1.e4 e6 2.Nf3 d5 3.Nc3 Nf6 4.e5 Nfd7 5.d4 c5 6.dxc5 Nc6 7.Bf4 Nxc5 8.a3 Be7
9.h4 f6 10.g3 O-O 11.b4 fxe5 12.Bd2 Nd7 13.Bh3 Nb6 14.b5 Nd4 15.Nxe5 Bd6
16.Be3 Bxe5 17.Bxd4 Qf6 18.Ne2 Bxd4 19.Qxd4 e5 20.Qe3 Nc4 21.Qc5 Qf3 22.Rh2 Bxh3
23.Rxh3 b6  0-1